Statistics for Borussia Dortmund Squad 2019-20

Click here to take the quiz!

General Stats

  • This quiz has been taken 31 times
  • The average score is 18 of 27

Answer Stats

Squad NumberPositionNationalityPlayer% Correct
11SSGermanMarco Reus
96%
5RBMoroccanAchraf Hakimi
93%
7RWEnglishJadon Sancho
93%
28DMBelgianAxel Witsel
89%
13LBPortugueseRaphaël Guerreiro
89%
1GKSwissRoman Bürki
89%
2CBFrenchDan-Axel Zagadou
86%
15CBGermanMats Hummels
86%
6CMDanishThomas Delaney
86%
23LWBelgianThorgan Hazard
86%
17STNorwegianErling Braut Håland
82%
10CFGermanMario Götze
82%
-ManagerSwissLucien Favre
71%
16CBSwissManuel Akanji
71%
29LBGermanMarcel Schmelzer
71%
26RBPolishŁukasz Piszczek
68%
8CMGermanMahmoud Dahoud
68%
32AMAmericanGiovanni Reyna
64%
19CMGermanJulian Brandt
61%
35GKSwissMarwin Hitz
61%
27CMGermanEmre Can
54%
18CBArgentineLeonardo Balerdi
50%
14LBGermanNico Schulz
50%
22RBSpanishMateu Morey
43%
25GKGermanLuca Unbehaun
14%
40GKGermanEric Oelschlägel
11%
37DMGermanTobias Raschl
11%

Score Distribution

Percentile by Number Answered

Percent of People with Each Score

Your Score History

You have not taken this quiz